000 00604nam a2200181 4500
999 _c171614
_d171614
005 20210907095700.0
010 _aENG-127389
020 _a9789386473813
_c595.00
035 _aEN-110921
037 _bDBAD/PUB
082 _a954.0842
100 _aGoradia,Prafull
245 _aPopulation Exchange :
_bJinnah wanted Hijrat for all Muslims in India/
_cby Prafull Goradia .
260 _aNew Delhi
_bVitasta Publishing
_c2020
270 _a 2/15,Ansari Road Daryaganj
_bNew Delhi
_e40001
_minfo@vitastapublishing.com
300 _axv;260p.
_c22cm(hb)
942 _2ddc
_cEN
_h954.0842
_mGOR